Ucieczka z Jasnej Polany /

Hlavní autor: Rudnicki, Adolf, 1912-1990
Jazyk: Polština
Vydáno: Warszawa : Książka i Wiedza, 1949
Vydání: Wyd. 2.
Fyzický popis: 190 s.
Knihy
Uloženo v:
LEADER 00627nam a22002052a 4500
001 001450799
003 CZ BrMZK
005 20150729102637.0
007 ta
008 150120s1949 pl er|||||||||||pol d
040 |a ABA004  |b cze  |c ABA004  |d ABA004  |d BOA001 
100 1 |a Rudnicki, Adolf,  |d 1912-1990  |7 ola2003169792  |4 aut 
245 1 0 |a Ucieczka z Jasnej Polany /  |c Adolf Rudnicky 
250 |a Wyd. 2. 
260 |a Warszawa :  |b Książka i Wiedza,  |c 1949 
300 |a 190 s. 
910 |a BOA001  |b 2-0333.630 
990 |a BK 
991 |b 201501 
996 7 |b 2618993359  |c 2-0333.630  |l MZK  |r Sklad / do 24 hodin  |n 0  |w 001485488  |u 000010  |a 1  |e BOA001  |j MZK50  |s A